000 00545nam a22001937a 4500
003 KOHA_MİRAKIL
005 20251118110302.0
008 251118b tu ||||| |||| 00| 0 tur d
020 _a9786254194221
040 _aTR-AnABB
_btur
_cTR-AnABB
041 _atur
082 _a891.734
_bVER 2022
100 1 _aVerbitskaya, Anastasiya Alekseyevna,
245 1 0 _aVavoçka /
_cA. Verbitskaya
260 _aEskişehir :
_bDorlion Yayınları,
_c2022
300 _a279 sayfa ;
_c21 cm
650 0 4 _aRus edebiyatı, roman
942 _2ddc
_cBK
999 _c9521
_d9521
900 _bGizem YORULMAZ